|
|
|
|
| LEADER |
01346nam a2200385Ia 4500 |
| 001 |
EBC166983 |
| 003 |
MiAaPQ |
| 005 |
20200520144314.0 |
| 006 |
m o d | |
| 007 |
cr cn||||||||| |
| 008 |
971203s1998 enk sb 001 0 eng d |
| 010 |
|
|
|z 97051498
|
| 015 |
|
|
|a GB98-38208
|
| 020 |
|
|
|z 0203004019
|
| 020 |
|
|
|z 0415173159 (pbk.)
|
| 035 |
|
|
|a (MiAaPQ)EBC166983
|
| 035 |
|
|
|a (Au-PeEL)EBL166983
|
| 035 |
|
|
|a (CaPaEBR)ebr10054812
|
| 035 |
|
|
|a (CaONFJC)MIL10503
|
| 035 |
|
|
|a (OCoLC)57048928
|
| 040 |
|
|
|a MiAaPQ
|c MiAaPQ
|d MiAaPQ
|
| 050 |
|
4 |
|a HB101.H39
|b G73 1998
|
| 100 |
1 |
|
|a Gray, John,
|d 1948-
|
| 245 |
1 |
0 |
|a Hayek on liberty
|h [electronic resource] /
|c John Gray.
|
| 250 |
|
|
|a 3rd ed.
|
| 260 |
|
|
|a London ;
|a New York :
|b Routledge,
|c 1998.
|
| 300 |
|
|
|a xi, 186 p.
|
| 504 |
|
|
|a Includes bibliographical references (p. [164]-181) and index.
|
| 533 |
|
|
|a Electronic reproduction. Ann Arbor, MI : ProQuest, 2015. Available via World Wide Web. Access may be limited to ProQuest affiliated libraries.
|
| 600 |
1 |
0 |
|a Hayek, Friedrich A. von
|q (Friedrich August),
|d 1899-1992
|x Political and social views.
|
| 650 |
|
0 |
|a Liberty.
|
| 650 |
|
0 |
|a Liberalism.
|
| 655 |
|
4 |
|a Electronic books.
|
| 710 |
2 |
|
|a ProQuest (Firm)
|
| 856 |
4 |
0 |
|u https://ebookcentral.proquest.com/lib/matrademy/detail.action?docID=166983
|z Click to View
|